00201nam a2200097Ia 4500008004100000041000800041082001500049100001200064245001800076260000900094240625s9999 xx 000 0 und d aeng a005.54 THO aTHOMSON aMIS COMPANION c2003